Моделирование нестационарных процессов в компьютерном тренажёре для оперативного персонала промышленных центробежных каскадов; Физико-технические проблемы атомной энергетики и промышленности

書誌詳細
Parent link:Физико-технические проблемы атомной энергетики и промышленности.— 2005.— С. 125.
その他の著者: Власов В. А. Виктор Алексеевич, Бутов В. Г. Владимир Григорьевич, Голдобин Д. Н., Орлов А. А. Алексей Алексеевич, Тимченко С. Н. Сергей Николаевич
言語:ロシア語
出版事項: 2005
主題:
フォーマット: 図書の章
KOHA link:https://koha.lib.tpu.ru/cgi-bin/koha/opac-detail.pl?biblionumber=83420

MARC

LEADER 00000naa2a2200000 4500
001 83420
005 20240116163824.0
035 |a (RuTPU)RU\TPU\book\89675 
090 |a 83420 
100 |a 20051017d2005 k y0rusy50 ca 
101 0 |a rus 
102 |a RU 
200 1 |a Моделирование нестационарных процессов в компьютерном тренажёре для оперативного персонала промышленных центробежных каскадов  |f В. А. Власов [и др.] 
463 0 |0 (RuTPU)RU\TPU\book\86598  |y 5-7262-0526-S  |t Физико-технические проблемы атомной энергетики и промышленности  |o III Международная научно-практическая конференция, 7-8 июня 2005 г., Томск  |o сборник тезисов докладов  |f Томский политехнический университет  |v С. 125.  |d 2005  |p 190 с. 
610 1 |a моделирование 
610 1 |a нестационарные процессы 
610 1 |a компьютерные тренажёры 
610 1 |a центробежные каскады 
610 1 |a изотопы урана 
610 1 |a обогащение 
610 1 |a разделительные каскады 
610 1 |a труды учёных ТПУ 
701 1 |a Власов  |b В. А.  |c российский ученый в области физики и химии плазмы, молекулярной физики  |c профессор Томского политехнического университета  |f 1958-  |g Виктор Алексеевич  |3 (RuTPU)RU\TPU\pers\26576  |4 070 
701 1 |a Бутов  |b В. Г.  |c физик  |c профессор Томского политехнического университета, доктор физико-математических наук  |f 1944-  |g Владимир Григорьевич  |3 (RuTPU)RU\TPU\pers\25813 
701 1 |a Голдобин  |b Д. Н.  |4 070 
701 1 |a Орлов  |b А. А.  |c физик  |c профессор Томского политехнического университета, доктор технических наук  |f 1962-  |g Алексей Алексеевич  |3 (RuTPU)RU\TPU\pers\25498  |9 11434 
701 1 |a Тимченко  |b С. Н.  |c физик  |c доцент Томского политехнического университета, кандидат технических наук  |f 1980-  |g Сергей Николаевич  |3 (RuTPU)RU\TPU\pers\25835  |9 11708 
801 1 |a RU  |b 63413507  |c 20051017  |g PSBO 
801 2 |a RU  |b 63413507  |c 20160602  |g RCR 
942 |c BK